| 000 | 01057cam a22002895a 4500 | ||
|---|---|---|---|
| 001 | 18199063 | ||
| 005 | 20201128021401.0 | ||
| 008 | 140624s2013 enka frb 001 0 eng d | ||
| 020 | _a9781856176330 (hardback) | ||
| 020 | _a1856176339 (hardback) | ||
| 040 |
_aUKMGB _beng _cUKMGB _dOCLCO _dBTCTA _dCUV _dYDXCP _dIXA _dDLC _dEG-ScBUE |
||
| 082 | 0 | 4 |
_a620.00151825 _222 _bZIE |
| 100 | 1 |
_aZienkiewicz, O. C. _939211 |
|
| 245 | 1 | 4 |
_aThe finite element method : _bits basis and fundamentals / _cO. C. Zienkiewicz, R. L. Taylor, J. Z. Zhu. |
| 250 | _a7th ed. | ||
| 260 |
_aOxford ; _aWaltham ; _bButterworth-Heinemann / Elsevier, _c2013. |
||
| 300 |
_axxxviii, 714 p. : _bill. ; _c24 cm. |
||
| 504 | _aIncludes bibliographical references and indexes. | ||
| 650 | 7 |
_aFinite element method. _2BUEsh _92126 |
|
| 650 | 7 |
_aEngineering mathematics. _2BUEsh _93194 |
|
| 650 | 7 |
_aFluid dynamics. _2BUEsh _9878 |
|
| 651 | _2BUEsh | ||
| 653 |
_bENGGEN _cJune2015 _cJanuary2016 |
||
| 700 | 1 |
_aTaylor, Robert L. _q(Robert Leroy), _d1934- |
|
| 700 | 1 | _aZhu, J. Z., | |
| 942 | _2ddc | ||
| 999 |
_c20033 _d20005 |
||